000 00479nam a22001577a 4500
005 20240124141513.0
008 231109b |||||||| |||| 00| 0 eng d
041 _aEnglish
082 _a346.2 KER
100 _aKerr, AJ
_lEnglish
245 _aThe Principles of the Law of Contract /
_cAJ Kerr
260 _aDurban :
_bButterworth and Company Ltd,
_c1967
300 _bxxix, 282 pages ;
_c25 cm.
650 _aLegal practice
_bLaw
942 _cBK
_6ALISON_BN_VRIES
999 _c456
_d456